الخطاب الاكاديمي / (Record no. 4794)

MARC details
000 -LEADER
fixed length control field 00936nam a2200217 ar4500
001 - CONTROL NUMBER
control field 4796
005 - DATE AND TIME OF LATEST TRANSACTION
control field 20221127091035.0
008 - FIXED-LENGTH DATA ELEMENTS--GENERAL INFORMATION
fixed length control field 180205s su a 00110 ara d
020 ## - INTERNATIONAL STANDARD BOOK NUMBER
International Standard Book Number 9786035075466(غلاف ورقي)
082 04 - DEWEY DECIMAL CLASSIFICATION NUMBER
Classification number 378.0014
Item number هـ541
100 1# - MAIN ENTRY--PERSONAL NAME
Personal name هايلاند، كين.
245 12 - TITLE STATEMENT
Title الخطاب الاكاديمي /
Statement of responsibility, etc. تاليفKen Hyland ؛ ترجمة سلطان بن حسين الحربي.
260 ## - PUBLICATION, DISTRIBUTION, ETC.
Place of publication, distribution, etc. الرياض :
Name of publisher, distributor, etc. دار جامعة الملك سعود للنشر،
Date of publication, distribution, etc. 2017.
300 ## - PHYSICAL DESCRIPTION
Extent أ- ف، 341 ص. :
Other physical details ايض. ؛
Dimensions 24 سم.
500 ## - GENERAL NOTE
General note ترجمة لكتاب: Academic discourse / Ken Hyland, 2009.
504 ## - BIBLIOGRAPHY, ETC. NOTE
Bibliography, etc. note يتضمن ارجاعات ببليوجرافية وكشاف.
650 #4 - SUBJECT ADDED ENTRY--TOPICAL TERM
Topical term or geographic name entry element التعليم العالي
General subdivision طرق البحث.
650 #4 - SUBJECT ADDED ENTRY--TOPICAL TERM
Topical term or geographic name entry element اللغات
General subdivision مختصرات ورموز.
650 #4 - SUBJECT ADDED ENTRY--TOPICAL TERM
Topical term or geographic name entry element الكتابة، علم.
700 0# - ADDED ENTRY--PERSONAL NAME
Personal name الحربي، سلطان بن حسين،
Relator term مترجم.
Holdings
Withdrawn status Lost status Source of classification or shelving scheme Damaged status Not for loan Home library Current library Date acquired Total Checkouts Full call number Barcode Date last seen Copy number Price effective from Koha item type Materials specified (bound volume or other part)
              11/27/2022   378.0014 مDC541 1000000017620 11/27/2022 C2 11/27/2022 Book 2781
          CENTRAL CENTRAL 11/27/2022   378.0014 مDC541 1000000014728 11/27/2022 C1 11/27/2022 Book